La hacienda colonial
Պահպանված է:
| Հիմնական հեղինակ: | |
|---|---|
| Ձևաչափ: | Տեքստ |
| Հրապարակվել է: |
San Salvador:
Editorial Lea
|
| Ցուցիչներ: |
Ավելացրեք ցուցիչ
Չկան պիտակներ, Եղեք առաջինը, ով նշում է այս գրառումը!
|
MARC
| LEADER | 00000 a a2200000 04500 | ||
|---|---|---|---|
| 001 | 20795 | ||
| 003 | |||
| 040 | |||
| 090 | |a 088700 | ||
| 100 | |a Casín, Isabel | ||
| 245 | |a La hacienda colonial | ||
| 260 | |a San Salvador: |b Editorial Lea | ||
| 300 | |a 80 p. | ||
| 999 | |c 12477 |d 12477 | ||
